000
00319nam a2200121Ia 4500
008
220204s9999 xx 000 0 und d
082
_a
631/635
_b
ADV.60
245
0
_a
Advances in agronomy V.60
260
_a
San Diego
_b
Academic Press
_c
1997
650
_a
Agroecosystem
650
_a
Sustainable agriculture
942
_c
BK
999
_c
41369
_d
41369